| 000 | 00706nam a2200217Ia 4500 | ||
|---|---|---|---|
| 005 | 20241129111508.0 | ||
| 008 | 241129s9999||||xx |||||||||||||| ||und|| | ||
| 020 | _a978-93-90702-10-7 | ||
| 037 | _aTB | ||
| 040 |
_aCRL _bhin _cCRL |
||
| 041 |
_ahin _2hin |
||
| 084 |
_aQ23:33 152R1 _qCRL |
||
| 100 |
_aदिवाकर, विनोद मणि, ले. _9159144 |
||
| 245 | 0 |
_aशिव और शक्ति _cदिवाकर, विनोद मणि, ले. |
|
| 260 |
_aदिल्ली, भारत _bकिताबवाले _c2021 |
||
| 300 | _a224पृ0 | ||
| 365 |
_aINR _b900 |
||
| 650 | _aReligion | ||
| 942 |
_cTB _hQ23:33 152R1 |
||
| 999 |
_c1230714 _d1230714 |
||